<?xml version="1.0" encoding="UTF-8"?>
<record
    xmlns:xsi="http://www.w3.org/2001/XMLSchema-instance"
    xsi:schemaLocation="http://www.loc.gov/MARC21/slim http://www.loc.gov/standards/marcxml/schema/MARC21slim.xsd"
    xmlns="http://www.loc.gov/MARC21/slim">

  <leader>00635nam a22002177a 4500</leader>
  <controlfield tag="005">20260313065831.0</controlfield>
  <controlfield tag="008">260313b        |||||||| |||| 00| 0 eng d</controlfield>
  <datafield tag="020" ind1=" " ind2=" ">
    <subfield code="a">9789347492099</subfield>
  </datafield>
  <datafield tag="040" ind1=" " ind2=" ">
    <subfield code="a">IN-DiNC</subfield>
    <subfield code="c">IN-DiNC</subfield>
  </datafield>
  <datafield tag="041" ind1=" " ind2=" ">
    <subfield code="d">asm</subfield>
  </datafield>
  <datafield tag="082" ind1=" " ind2=" ">
    <subfield code="a">305.4</subfield>
    <subfield code="b">GOH</subfield>
  </datafield>
  <datafield tag="100" ind1=" " ind2=" ">
    <subfield code="a">Gohain, Nabin</subfield>
    <subfield code="e">author</subfield>
  </datafield>
  <datafield tag="245" ind1=" " ind2=" ">
    <subfield code="a">Naribad:</subfield>
    <subfield code="b">tattwa aru prayog (Major15)/</subfield>
    <subfield code="c">by Nabin Gohain, Pankaj Bora and Pallab Ghose</subfield>
  </datafield>
  <datafield tag="250" ind1=" " ind2=" ">
    <subfield code="a">1st ed.</subfield>
  </datafield>
  <datafield tag="260" ind1=" " ind2=" ">
    <subfield code="a">Jorhat:</subfield>
    <subfield code="b">Bidya bhawan,</subfield>
    <subfield code="c">2025.</subfield>
  </datafield>
  <datafield tag="300" ind1=" " ind2=" ">
    <subfield code="a">320p.</subfield>
  </datafield>
  <datafield tag="650" ind1=" " ind2=" ">
    <subfield code="a">Feminism: theory and practice (Major 15)</subfield>
  </datafield>
  <datafield tag="700" ind1=" " ind2=" ">
    <subfield code="a">Bora, Pankaj</subfield>
    <subfield code="e">author</subfield>
  </datafield>
  <datafield tag="700" ind1=" " ind2=" ">
    <subfield code="a">Ghose, Pallab</subfield>
    <subfield code="e">author</subfield>
  </datafield>
  <datafield tag="942" ind1=" " ind2=" ">
    <subfield code="2">ddc</subfield>
    <subfield code="c">BK</subfield>
  </datafield>
  <datafield tag="999" ind1=" " ind2=" ">
    <subfield code="c">12324</subfield>
    <subfield code="d">12324</subfield>
  </datafield>
  <datafield tag="952" ind1=" " ind2=" ">
    <subfield code="0">0</subfield>
    <subfield code="1">0</subfield>
    <subfield code="2">ddc</subfield>
    <subfield code="4">0</subfield>
    <subfield code="7">0</subfield>
    <subfield code="8">POL</subfield>
    <subfield code="a">MAIN</subfield>
    <subfield code="b">MAIN</subfield>
    <subfield code="c">GEN</subfield>
    <subfield code="d">2026-03-13</subfield>
    <subfield code="g">280.00</subfield>
    <subfield code="l">1</subfield>
    <subfield code="o">305.4 GOH</subfield>
    <subfield code="p">31193</subfield>
    <subfield code="q">2026-05-30</subfield>
    <subfield code="r">2026-05-12 09:33:30</subfield>
    <subfield code="s">2026-05-12</subfield>
    <subfield code="t">1</subfield>
    <subfield code="w">2026-03-13</subfield>
    <subfield code="y">BK</subfield>
  </datafield>
  <datafield tag="952" ind1=" " ind2=" ">
    <subfield code="0">0</subfield>
    <subfield code="1">0</subfield>
    <subfield code="2">ddc</subfield>
    <subfield code="4">0</subfield>
    <subfield code="7">0</subfield>
    <subfield code="8">POL</subfield>
    <subfield code="a">MAIN</subfield>
    <subfield code="b">MAIN</subfield>
    <subfield code="c">GEN</subfield>
    <subfield code="d">2026-03-13</subfield>
    <subfield code="g">280.00</subfield>
    <subfield code="l">1</subfield>
    <subfield code="o">305.4 GOH</subfield>
    <subfield code="p">31194</subfield>
    <subfield code="q">2026-04-04</subfield>
    <subfield code="r">2026-03-16 06:18:39</subfield>
    <subfield code="s">2026-03-16</subfield>
    <subfield code="t">2</subfield>
    <subfield code="w">2026-03-13</subfield>
    <subfield code="y">BK</subfield>
  </datafield>
  <datafield tag="952" ind1=" " ind2=" ">
    <subfield code="0">0</subfield>
    <subfield code="1">0</subfield>
    <subfield code="2">ddc</subfield>
    <subfield code="4">0</subfield>
    <subfield code="7">0</subfield>
    <subfield code="8">POL</subfield>
    <subfield code="a">MAIN</subfield>
    <subfield code="b">MAIN</subfield>
    <subfield code="c">GEN</subfield>
    <subfield code="d">2026-03-13</subfield>
    <subfield code="g">280.00</subfield>
    <subfield code="l">1</subfield>
    <subfield code="o">305.4 GOH</subfield>
    <subfield code="p">31195</subfield>
    <subfield code="q">2026-04-04</subfield>
    <subfield code="r">2026-03-16 06:16:31</subfield>
    <subfield code="s">2026-03-16</subfield>
    <subfield code="t">3</subfield>
    <subfield code="w">2026-03-13</subfield>
    <subfield code="y">BK</subfield>
  </datafield>
  <datafield tag="952" ind1=" " ind2=" ">
    <subfield code="0">0</subfield>
    <subfield code="1">0</subfield>
    <subfield code="2">ddc</subfield>
    <subfield code="4">0</subfield>
    <subfield code="7">0</subfield>
    <subfield code="8">POL</subfield>
    <subfield code="a">MAIN</subfield>
    <subfield code="b">MAIN</subfield>
    <subfield code="c">GEN</subfield>
    <subfield code="d">2026-03-13</subfield>
    <subfield code="g">280.00</subfield>
    <subfield code="l">1</subfield>
    <subfield code="o">305.4 GOH</subfield>
    <subfield code="p">31196</subfield>
    <subfield code="q">2026-04-04</subfield>
    <subfield code="r">2026-03-16 06:34:28</subfield>
    <subfield code="s">2026-03-16</subfield>
    <subfield code="t">4</subfield>
    <subfield code="w">2026-03-13</subfield>
    <subfield code="y">BK</subfield>
  </datafield>
  <datafield tag="952" ind1=" " ind2=" ">
    <subfield code="0">0</subfield>
    <subfield code="1">0</subfield>
    <subfield code="2">ddc</subfield>
    <subfield code="4">0</subfield>
    <subfield code="7">0</subfield>
    <subfield code="8">POL</subfield>
    <subfield code="a">MAIN</subfield>
    <subfield code="b">MAIN</subfield>
    <subfield code="c">GEN</subfield>
    <subfield code="d">2026-03-13</subfield>
    <subfield code="g">280.00</subfield>
    <subfield code="l">1</subfield>
    <subfield code="o">305.4 GOH</subfield>
    <subfield code="p">31197</subfield>
    <subfield code="q">2026-04-04</subfield>
    <subfield code="r">2026-03-16 06:37:29</subfield>
    <subfield code="s">2026-03-16</subfield>
    <subfield code="t">5</subfield>
    <subfield code="w">2026-03-13</subfield>
    <subfield code="y">BK</subfield>
  </datafield>
  <datafield tag="952" ind1=" " ind2=" ">
    <subfield code="0">0</subfield>
    <subfield code="1">0</subfield>
    <subfield code="2">ddc</subfield>
    <subfield code="4">0</subfield>
    <subfield code="7">0</subfield>
    <subfield code="8">POL</subfield>
    <subfield code="a">MAIN</subfield>
    <subfield code="b">MAIN</subfield>
    <subfield code="c">GEN</subfield>
    <subfield code="d">2026-04-01</subfield>
    <subfield code="g">280.00</subfield>
    <subfield code="l">1</subfield>
    <subfield code="o">305.4 GOH</subfield>
    <subfield code="p">31311</subfield>
    <subfield code="q">2026-04-30</subfield>
    <subfield code="r">2026-04-07 07:11:00</subfield>
    <subfield code="s">2026-04-07</subfield>
    <subfield code="t">6</subfield>
    <subfield code="w">2026-04-01</subfield>
    <subfield code="y">BK</subfield>
  </datafield>
  <datafield tag="952" ind1=" " ind2=" ">
    <subfield code="0">0</subfield>
    <subfield code="1">0</subfield>
    <subfield code="2">ddc</subfield>
    <subfield code="4">0</subfield>
    <subfield code="7">0</subfield>
    <subfield code="8">POL</subfield>
    <subfield code="a">MAIN</subfield>
    <subfield code="b">MAIN</subfield>
    <subfield code="c">GEN</subfield>
    <subfield code="d">2026-04-01</subfield>
    <subfield code="g">280.00</subfield>
    <subfield code="l">0</subfield>
    <subfield code="o">305.4 GOH</subfield>
    <subfield code="p">31312</subfield>
    <subfield code="r">2026-04-01 12:24:46</subfield>
    <subfield code="t">7</subfield>
    <subfield code="w">2026-04-01</subfield>
    <subfield code="y">BK</subfield>
  </datafield>
  <datafield tag="952" ind1=" " ind2=" ">
    <subfield code="0">0</subfield>
    <subfield code="1">0</subfield>
    <subfield code="2">ddc</subfield>
    <subfield code="4">0</subfield>
    <subfield code="7">0</subfield>
    <subfield code="8">POL</subfield>
    <subfield code="a">MAIN</subfield>
    <subfield code="b">MAIN</subfield>
    <subfield code="c">GEN</subfield>
    <subfield code="d">2026-04-01</subfield>
    <subfield code="g">280.00</subfield>
    <subfield code="l">0</subfield>
    <subfield code="o">305.4 GOH</subfield>
    <subfield code="p">31313</subfield>
    <subfield code="r">2026-04-01 12:24:46</subfield>
    <subfield code="t">8</subfield>
    <subfield code="w">2026-04-01</subfield>
    <subfield code="y">BK</subfield>
  </datafield>
  <datafield tag="952" ind1=" " ind2=" ">
    <subfield code="0">0</subfield>
    <subfield code="1">0</subfield>
    <subfield code="2">ddc</subfield>
    <subfield code="4">0</subfield>
    <subfield code="7">0</subfield>
    <subfield code="8">POL</subfield>
    <subfield code="a">MAIN</subfield>
    <subfield code="b">MAIN</subfield>
    <subfield code="c">GEN</subfield>
    <subfield code="d">2026-04-01</subfield>
    <subfield code="g">280.00</subfield>
    <subfield code="l">0</subfield>
    <subfield code="o">305.4 GOH</subfield>
    <subfield code="p">31314</subfield>
    <subfield code="r">2026-04-01 12:24:46</subfield>
    <subfield code="t">9</subfield>
    <subfield code="w">2026-04-01</subfield>
    <subfield code="y">BK</subfield>
  </datafield>
  <datafield tag="952" ind1=" " ind2=" ">
    <subfield code="0">0</subfield>
    <subfield code="1">0</subfield>
    <subfield code="2">ddc</subfield>
    <subfield code="4">0</subfield>
    <subfield code="7">0</subfield>
    <subfield code="8">POL</subfield>
    <subfield code="a">MAIN</subfield>
    <subfield code="b">MAIN</subfield>
    <subfield code="c">GEN</subfield>
    <subfield code="d">2026-04-01</subfield>
    <subfield code="g">280.00</subfield>
    <subfield code="l">0</subfield>
    <subfield code="o">305.4 GOH</subfield>
    <subfield code="p">31315</subfield>
    <subfield code="r">2026-04-01 12:24:46</subfield>
    <subfield code="t">10</subfield>
    <subfield code="w">2026-04-01</subfield>
    <subfield code="y">BK</subfield>
  </datafield>
</record>
